| 000 | 00901cam a22003017a 4500 | ||
|---|---|---|---|
| 003 | CHAP | ||
| 005 | 20220817044019.0 | ||
| 008 | 050411d2001 it rn 00110 spa d | ||
| 010 | _a90038 | ||
| 011 | _a91010 | ||
| 020 | _a9250048122 | ||
| 035 | _a101567 | ||
| 040 | _cCHAP | ||
| 082 | 0 | 4 |
_a639.2 _bF46 v.685 |
| 110 | 2 | _aFAO | |
| 245 | 1 | 0 |
_aReport of the sardine (sardina pilchardus) otolith workshop : _bKaliningrad, Russian Federation, 28-31 audust 2001 _c/by FAO |
| 260 |
_aRome : _bFAO, _c2001. |
||
| 300 | _a49 p. | ||
| 490 | 0 |
_aFAO. Informe de pesca _v; 685 |
|
| 590 |
_aBATCH-UPD _b10 _c20130110 _lUCH01 _h1045 |
||
| 590 |
_aCONVERSION _b10 _c20130109 _lUCH01 _h1350 |
||
| 650 | 0 | 4 |
_aSardina. _9102625 |
| 830 | 0 |
_aFAO. Informe de pesca _v; 685 _939587 |
|
| 901 | _aBK | ||
| 905 | _aLilia | ||
| 942 | _cLIBRO | ||
| 949 |
_a639.2 F46 v.685 _bBC _cFAO _d33724000945994 _eFAO1 _h105455 _i101567 _sb |
||
| 999 |
_c90038 _d90038 |
||